000 00313nam a22001337a 4500
008 170619b xxu||||| |||| 00| 0 eng d
020 _a2900199250232
041 _aeng
080 _a94
100 _a16
101 _aSHH
245 _aSOCIABILITY AND POWER IN LATE-STUART ENGLAND
_cWHYMAN,S.E
942 _2udc
_cBK
999 _c18062
_d18062